|
|
|
|
| LEADER |
00000cam a2200000 7i4500 |
| 001 |
0000028888 |
| 005 |
20251128.0 |
| 008 |
200811 my a eng |
| 040 |
|
|
|a INS
|b eng
|c INS
|e rda
|
| 090 |
0 |
0 |
|a IP60
|
| 100 |
1 |
|
|a See Yew Yap, ,
|e author.
|
| 245 |
1 |
4 |
|a The marketing of Vista Bangi Service Apartment
|c See Yew Yap, Chai Meng Sia, Chia Teng Chun, Liew Yaw Hong, Marzurki Alias [and four others]
|
| 264 |
|
0 |
|c 2020
|
| 300 |
|
|
|a 1 volume ( various pagings ) :
|b illustration, colour, picture ;
|c 30 cm.
|
| 336 |
|
|
|a text
|2 rdacontent
|
| 337 |
|
|
|a unmediated
|2 rdamedia
|
| 338 |
|
|
|a volume
|2 rdacarrier
|
| 500 |
|
|
|a Integrated Project
|
| 500 |
|
|
|a Laporan disediakan bagi memenuhi keperluan untuk dianugerahkan Sijil Agensi Harta Tanah dari Institut Penilaian Negara
|
| 650 |
|
0 |
|a Housing
|x Marketing
|
| 650 |
|
0 |
|a Real estate agents
|
| 700 |
1 |
|
|a Chai Meng Sia, ,
|e author.
|
| 700 |
1 |
|
|a Chia Teng Chun, ,
|e author.
|
| 700 |
1 |
|
|a Liew Yaw Hong, ,
|e author.
|
| 700 |
1 |
|
|a Marzurki Alias, ,
|e author.
|
| 700 |
1 |
|
|a Mohd Rizwan Musa, ,
|e author.
|
| 700 |
1 |
|
|a Muhammad Mu'az Hanafi, ,
|e author.
|
| 700 |
1 |
|
|a Muhammad Rajei Ramli, ,
|e author.
|
| 700 |
1 |
|
|a Wardatu Zamzam Mustapha, ,
|e author.
|
| 999 |
|
|
|a IP00000066
|b BOOK
|c Reference
|e Default branch
|